| 000 | 00459 a2200157 4500 | ||
|---|---|---|---|
| 003 | OSt | ||
| 005 | 20240823121308.0 | ||
| 008 | 231019b |||||||| |||| 00| 0 eng d | ||
| 020 | _a956266133301 | ||
| 040 | _coclc | ||
| 082 |
_a297 _bPAT/I |
||
| 100 |
_aPathiramanna, Muneer Hudawi _99767 |
||
| 245 |
_aIBN ATHAILLAYUDE THATHWOPADESHANGAL / _cMuneer Hudawi Pathiramanna |
||
| 300 | _a248 p | ||
| 942 |
_2ddc _cBK _h297 _iPAT/I _k297 _mPAT/I |
||
| 999 |
_c42637 _d42637 |
||